[Event "EU-ch blitz (Women)"]
[Site "Monte Carlo"]
[Date "2017.10.23"]
[Round "2"]
[White "Arakhamia Grant, Ketevan"]
[Black "Leconte, Maria"]
[Result "1/2-1/2"]
[WhiteElo "2369"]
[BlackElo "2208"]
[PlyCount "62"]
[EventDate "2017.10.23"]
[EventType "swiss (blitz)"]
[EventRounds "13"]
[EventCountry "MNC"]
[SourceTitle "CBM 181 Extra"]
[Source "ChessBase"]
[SourceDate "2017.12.12"]
[SourceVersion "1"]
[SourceVersionDate "2017.12.12"]
[SourceQuality "1"]

1. e4 e6 2. d4 d5 3. Nc3 Nf6 4. e5 Nfd7 5. f4 c5 6. Nf3 Nc6 7. Be3 h6 8. Qd2 g5 9. fxg5 cxd4 10. Nxd4 Ndxe5 11. Be2 hxg5 12. Bxg5 Be7 13. Bxe7 Qxe7 14. 0-0-0 Bd7 15. Kb1 0-0-0 16. Qe3 f6 17. h4 Rdg8 18. g4 Nxg4 19. Bxg4 Rxg4 20. Nxc6 Bxc6 21. Qxa7 Rhxh4 22. Qa8+ Kd7 23. Rxh4 Rxh4 24. a3 f5 25. Rg1 Rg4 26. Rxg4 fxg4 27. Qg8 Qh4 28. Qg7+ Kd6 29. Qf8+ Kd7 30. Qg7+ Kd6 31. Qf8+ Kd7 1/2-1/2